Regulatory Gaps in Baltic Sea Governance Selected Issues /

The focus of this publication is the uniqueness of the Baltic Sea from a legal perspective, and the regulatory voids that result from the multiple layers of regulation this area is subjected to: up to six layers of regulation (general international law, regional conventions, EU law, national laws, l...

Πλήρης περιγραφή

Λεπτομέρειες βιβλιογραφικής εγγραφής
Συγγραφή απο Οργανισμό/Αρχή: SpringerLink (Online service)
Άλλοι συγγραφείς: Ringbom, Henrik (Επιμελητής έκδοσης, http://id.loc.gov/vocabulary/relators/edt)
Μορφή: Ηλεκτρονική πηγή Ηλ. βιβλίο
Γλώσσα:English
Έκδοση: Cham : Springer International Publishing : Imprint: Springer, 2018.
Έκδοση:1st ed. 2018.
Σειρά:MARE Publication Series, 18
Θέματα:
Διαθέσιμο Online:Full Text via HEAL-Link
LEADER 05274nam a2200649 4500
001 978-3-319-75070-5
003 DE-He213
005 20191025131408.0
007 cr nn 008mamaa
008 180404s2018 gw | s |||| 0|eng d
020 |a 9783319750705  |9 978-3-319-75070-5 
024 7 |a 10.1007/978-3-319-75070-5  |2 doi 
040 |d GrThAP 
050 4 |a KZA1002-5205 
050 4 |a KZD1002-6715 
072 7 |a LBB  |2 bicssc 
072 7 |a LAW051000  |2 bisacsh 
072 7 |a LBB  |2 thema 
082 0 4 |a 341.4  |2 23 
082 0 4 |a 341  |2 23 
245 1 0 |a Regulatory Gaps in Baltic Sea Governance  |h [electronic resource] :  |b Selected Issues /  |c edited by Henrik Ringbom. 
250 |a 1st ed. 2018. 
264 1 |a Cham :  |b Springer International Publishing :  |b Imprint: Springer,  |c 2018. 
300 |a X, 214 p. 1 illus.  |b online resource. 
336 |a text  |b txt  |2 rdacontent 
337 |a computer  |b c  |2 rdamedia 
338 |a online resource  |b cr  |2 rdacarrier 
347 |a text file  |b PDF  |2 rda 
490 1 |a MARE Publication Series,  |x 2212-6260 ;  |v 18 
505 0 |a Chapter 1. Introduction -- Chapter 2. Gaps in Baltic Sea Maritime Boundaries -- Chapter 3. Straits in the Baltic Sea: What Passage Rights Apply? -- Chapter 4. Regulating Eutrophication - Flexible Legal Approaches and Environmental Governance in the Baltic Sea Area -- Chapter 5. The Lack of Regulation of Chemical Mixtures and its Legal Consequences in the Baltic Sea Area -- Chapter 6. Salvage of Wrecks in the Baltic Sea - a Finnish Perspective -- Chapter 7. Government Action against Wrecks - a Finnish Perspective in Light of International Law -- Chapter 8. Subsea Gas Pipelines in the Baltic Sea area - Civil Liability Issues -- Chapter 9. Using the Continental Shelf for Climate Change Mitigation: a Baltic Sea Perspective -- Chapter 10. Concluding Remarks: Regulatory Gaps and Broader Governance Patterns in the Baltic Sea. 
520 |a The focus of this publication is the uniqueness of the Baltic Sea from a legal perspective, and the regulatory voids that result from the multiple layers of regulation this area is subjected to: up to six layers of regulation (general international law, regional conventions, EU law, national laws, local and municipal rules plus a whole range of non-binding norms and other 'soft law' arrangements) act in parallel. However, a large number of rules or regulatory layers does not in itself ensure effectiveness or consistency. When the regulatory landscape is approached from the point of view of individual substantive topics, it is apparent that the norms of different regulatory layers entail both overlaps, gaps and uncertainties, differently for each topic. This publication addresses a selection of topics that are decidedly international in nature, but for which current international and EU rules include important gaps or uncertainties. In addition to presenting a set of legal analyses of topical issues for the region, which in itself is a meritorious objective in view of the relative scarcity of legal studies with a focus on the Baltic Sea, the publication also seeks to analyze the regulatory 'anatomy' of the selected issues in more detail. Through the legal analyses the chapters explore how regulatory gaps are formed, how they are filled, how the rules of the different layers work together and interact with each other in the selected areas. Accordingly, the secondary ambition is to explore, through the chapters, whether more general conclusions can be drawn about the nature of the regulatory gaps and multi-layerism in order to produce a better understanding of how regulations on multiple levels operate in practice. 
650 0 |a Law of the sea. 
650 0 |a International law. 
650 0 |a International environmental law. 
650 0 |a Law-Europe. 
650 0 |a Marine sciences. 
650 0 |a Freshwater. 
650 0 |a Environmental law. 
650 0 |a Environmental policy. 
650 0 |a Private international law. 
650 0 |a Conflict of laws. 
650 1 4 |a Law of the Sea, Air and Outer Space.  |0 http://scigraph.springernature.com/things/product-market-codes/R19060 
650 2 4 |a International Environmental Law.  |0 http://scigraph.springernature.com/things/product-market-codes/R19070 
650 2 4 |a European Law.  |0 http://scigraph.springernature.com/things/product-market-codes/R20000 
650 2 4 |a Marine & Freshwater Sciences.  |0 http://scigraph.springernature.com/things/product-market-codes/U36000 
650 2 4 |a Environmental Law/Policy/Ecojustice.  |0 http://scigraph.springernature.com/things/product-market-codes/U16002 
650 2 4 |a Private International Law, International & Foreign Law, Comparative Law .  |0 http://scigraph.springernature.com/things/product-market-codes/R14002 
700 1 |a Ringbom, Henrik.  |e editor.  |4 edt  |4 http://id.loc.gov/vocabulary/relators/edt 
710 2 |a SpringerLink (Online service) 
773 0 |t Springer eBooks 
776 0 8 |i Printed edition:  |z 9783319750699 
776 0 8 |i Printed edition:  |z 9783319750712 
776 0 8 |i Printed edition:  |z 9783030091408 
830 0 |a MARE Publication Series,  |x 2212-6260 ;  |v 18 
856 4 0 |u https://doi.org/10.1007/978-3-319-75070-5  |z Full Text via HEAL-Link 
912 |a ZDB-2-LCR 
950 |a Law and Criminology (Springer-41177)